Normal view
MARC view
- العاني، محمد غضى صياح
Entry Personal Name
001 - CONTROL NUMBER
- control field: 65719
003 - CONTROL NUMBER IDENTIFIER
- control field: JO-AjAnu
005 - DATE AND TIME OF LATEST TRANSACTION
- control field: 20240626141055.0
008 - FIXED-LENGTH DATA ELEMENTS
- fixed length control field: 240626|| aca||aabn | a|a d
040 ## - CATALOGING SOURCE
- Original cataloging agency: JO-AjAnu
100 ## - HEADING--PERSONAL NAME
- Personal name: العاني، محمد غضى صياح
- Relator term: معد